Governance : (Record no. 13956)

000 -LEADER
fixed length control field 01253nam a2200253 a 4500
001 - CONTROL NUMBER
control field ASIN1619422891
005 - DATE AND TIME OF LATEST TRANSACTION
control field 20170105102843.0
008 - FIXED-LENGTH DATA ELEMENTS--GENERAL INFORMATION
fixed length control field 130805s2012 xxu eng d
020 ## - INTERNATIONAL STANDARD BOOK NUMBER
International Standard Book Number 1619422891 (hardcover)
Terms of availability $140.00
020 ## - INTERNATIONAL STANDARD BOOK NUMBER
International Standard Book Number 9781619422896 (hardcover)
040 ## - CATALOGING SOURCE
Original cataloging agency 0
050 04 - LIBRARY OF CONGRESS CALL NUMBER
Classification number JF1351
082 04 - DEWEY DECIMAL CLASSIFICATION NUMBER
Classification number 351
245 10 - TITLE STATEMENT
Title Governance :
Remainder of title is it for everyone? /
Statement of responsibility, etc. Anne Marie Bissessar.
260 ## - PUBLICATION, DISTRIBUTION, ETC.
Place of publication, distribution, etc. [S.l.] :
Name of publisher, distributor, etc. Nova Science Pub Inc,
Date of publication, distribution, etc. 2012.
300 ## - PHYSICAL DESCRIPTION
Extent 190 p. ;
Dimensions 26 cm.
490 1# - SERIES STATEMENT
Series statement Global political studies.
520 ## - SUMMARY, ETC.
Summary, etc. This book aims to present a set of perspectives that are sound and useful and it seeks to stimulate scholars and students and at the same time to inform practitioners of the myth that governance is a perfect method of administration to be applied in all countries, irrespective of their levels of development or the impact and experience of globalisation in various countries. This book will certainly bring a conclusion to the ongoing debate of whether "Governance is for Everyone".
650 #0 - SUBJECT ADDED ENTRY--TOPICAL TERM
Topical term or geographic name entry element Public administration
700 1# - ADDED ENTRY--PERSONAL NAME
Personal name Bissessar, Anne Marie.
830 #0 - SERIES ADDED ENTRY--UNIFORM TITLE
Uniform title Global political studies.
856 40 - ELECTRONIC LOCATION AND ACCESS
Materials specified Amazon.com
Uniform Resource Identifier <a href="http://www.amazon.com/exec/obidos/ASIN/1619422891/chopaconline-20">http://www.amazon.com/exec/obidos/ASIN/1619422891/chopaconline-20</a>
942 ## - ADDED ENTRY ELEMENTS (KOHA)
Source of classification or shelving scheme
Koha item type Book
Holdings
Withdrawn status Lost status Damaged status Not for loan Collection code Permanent Location Current Location Shelving location Date acquired Total Checkouts Full call number Barcode Date last seen Price effective from Koha item type
          Centre for International Peace & Stability (CIPS) Centre for International Peace & Stability (CIPS) General Stacks 08/02/2013   351 GOV 2012 CIPS0000249 08/05/2013 08/05/2013 Book
© 2023 Central Library, National University of Sciences and Technology. All Rights Reserved.